Избранное: роман, рассказы; пер. с груз.

Podrobná bibliografie
Hlavní autor: Чиковани Г. Григол
Další autoři: Оскоцкий В. (автор предисловия), Бирюкова М. (составитель)
Shrnutí:Исключено из фонда НТБ ТПУ
Jazyk:ruština
Vydáno: Москва, Художественная литература, 1990
Médium: Kniha
KOHA link:https://koha.lib.tpu.ru/cgi-bin/koha/opac-detail.pl?biblionumber=152288

MARC

LEADER 00000nam0a2200000 4500
001 152288
005 20231031150942.0
010 |a 5280011576 
020 |a RU  |b 90-9135 
035 |a (RuTPU)RU\TPU\book\165118 
090 |a 152288 
100 |a 20090129d1990 m y0rusy5003 ca 
101 1 |a rus  |c gex 
102 |a RU 
105 |a y z 000ay 
200 1 |a Избранное  |e роман, рассказы   |e пер. с груз.  |f Г. Чиковани  |g авт. предисл. В. Оскоцкий ; сост. М. Бирюкова 
210 |a Москва  |c Художественная литература  |d 1990 
215 |a 494 с. 
333 |a Исключено из фонда НТБ ТПУ 
700 1 |a Чиковани  |b Г.  |g Григол 
702 1 |a Оскоцкий  |b В.  |4 080 
702 1 |a Бирюкова  |b М.  |4 220 
801 0 |a RU  |b RuMRKP  |c 19950417  |g psbo 
801 1 |a RU  |b 63413507  |c 20090129  |g PSBO 
801 2 |a RU  |b 63413507  |c 20220602  |g PSBO 
942 |c BK